Model boats from the tomb of Tutʻankhamūn /

Bibliographic Details
Main Author: Jones, Dilwyn
Format: Book
Language:English
Published: Oxford : Griffith Institute, 1990.
Series:Tutʻankhamūn's tomb series ; 9.
Subjects:

MARC

Tag First Indicator Second Indicator Subfields
LEADER 00000cam a2200000 a 4500
001 in00000972738
005 20150927111218.0
008 890913s1990 enka b 000 0 eng
010 |a  89185180  
020 |a 0900416491 
035 |a (OCoLC)23582589 
035 |9 AEW0768AM 
040 |a DLC  |c DLC  |d TXA  |d UtOrBLW 
043 |a f-ua--- 
049 |a TXAM 
050 0 0 |a DT87.5  |b .T8 no. 9  |a DT62.S55 
082 0 0 |a 932/.014 s  |a 623.8/2011  |2 20 
100 1 |a Jones, Dilwyn. 
245 1 0 |a Model boats from the tomb of Tutʻankhamūn /  |c by Dilwyn Jones. 
264 1 |a Oxford :  |b Griffith Institute,  |c 1990. 
300 |a xii, 65, xxxviii pages :  |b illustrations ;  |c 29 cm. 
336 |a text  |b txt  |2 rdacontent 
337 |a unmediated  |b n  |2 rdamedia 
338 |a volume  |b nc  |2 rdacarrier 
490 1 |a Tutʻankhamūnʼs tomb series ;  |v 9 
504 |a Includes bibliographical references. 
650 0 |a Ship models. 
600 0 0 |a Tutankhamen,  |c King of Egypt  |x Tomb. 
651 0 |a Egypt  |x Antiquities. 
650 0 |a Boats and boating  |z Egypt  |x History. 
830 0 |a Tutʻankhamūn's tomb series ;  |v 9. 
999 |a MARS 
999 f f |s 415d2667-2ec0-348c-89fe-633ba0ce0199  |i 7ea7da67-8ae2-3e21-86eb-40a3a9f2f3f7  |t 0 
952 f f |p normal  |a Texas A&M University  |b College Station  |c Sterling C. Evans Library  |d Evans: Library Stacks  |t 0  |e DT87.5 .T8 no.9  |h Library of Congress classification  |i unmediated -- volume  |m A14815405254 
998 f f |a DT87.5 .T8 no.9  |t 0  |l Evans: Library Stacks